<?xml version="1.0" encoding="UTF-8"?>
<collection xmlns="http://www.loc.gov/MARC21/slim">
 <record>
  <leader>01916nam a2200289 a 4500</leader>
  <controlfield tag="001">TVCDKTCT6434</controlfield>
  <controlfield tag="003">Thư viện trường Cao đẳng Kỹ thuật Cao Thắng</controlfield>
  <controlfield tag="005">20070307000000</controlfield>
  <controlfield tag="008">070307</controlfield>
  <datafield tag="980" ind1="\" ind2="\">
   <subfield code="a">Thư viện Trường CĐ Kỹ Thuật Cao Thắng</subfield>
  </datafield>
  <datafield tag="024" ind1=" " ind2=" ">
   <subfield code="a">RG_1 #1 eb0 i1 i5</subfield>
  </datafield>
  <datafield tag="020" ind1="#" ind2="#">
   <subfield code="a">205063</subfield>
  </datafield>
  <datafield tag="041" ind1="0" ind2="#">
   <subfield code="a">vie</subfield>
  </datafield>
  <datafield tag="082" ind1="#" ind2="#">
   <subfield code="a">363.731 / </subfield>
   <subfield code="b">TR121NH-gi</subfield>
  </datafield>
  <datafield tag="100" ind1="1" ind2="#">
   <subfield code="a">Trần Văn Nhân</subfield>
  </datafield>
  <datafield tag="245" ind1="0" ind2="0">
   <subfield code="a">Giáo trình Công nghệ xử lý nước thải /</subfield>
   <subfield code="c">Trần Văn Nhân, Ngô Thị Nga</subfield>
  </datafield>
  <datafield tag="250" ind1="#" ind2="#">
   <subfield code="a">Tái bản lần thứ 4</subfield>
  </datafield>
  <datafield tag="260" ind1="#" ind2="#">
   <subfield code="a">H :</subfield>
   <subfield code="b">Khoa học và Kỹ thuật ,</subfield>
   <subfield code="c">2006</subfield>
  </datafield>
  <datafield tag="300" ind1="#" ind2="#">
   <subfield code="a">332tr. ;</subfield>
   <subfield code="c">24</subfield>
  </datafield>
  <datafield tag="520" ind1="#" ind2="#">
   <subfield code="a">Giáo trình &quot; Công nghệ xử lý nước thải&quot; được biên sọan theo đề cương môn học của ngành Công nghệ môi trường , Trường đại học Bách Khoa Hà Nội nhằm cung cấp cho sinh viên những kiến thức cơ bản về môi trường và công nghệ xử lý nước thải, cùng các tiếp cận bảo vệ môi trường.Nêu lên cơ sở của các phương pháp sử dụng trong công nghệ xử lý nược thải và các tính toán công nghệ; giới thiệu cách giải quyết vấn đề nước thải và xử lý nước thải của một số nghành công nghiệp. Tài liệu gồm một số chương sau:</subfield>
  </datafield>
  <datafield tag="520" ind1="#" ind2="#">
   <subfield code="a">Chương 1: Sự ô nhiễm môi trường nước</subfield>
  </datafield>
  <datafield tag="520" ind1="#" ind2="#">
   <subfield code="a">Chương 2: Các phương pháp xử lý nước thải</subfield>
  </datafield>
  <datafield tag="520" ind1="#" ind2="#">
   <subfield code="a">Chương 3: Xử lý nước thải của một số nghành công nghiệp</subfield>
  </datafield>
  <datafield tag="650" ind1="#" ind2="4">
   <subfield code="a">Ô nhiễm</subfield>
  </datafield>
  <datafield tag="650" ind1="#" ind2="4">
   <subfield code="a">Công nghệ</subfield>
  </datafield>
  <datafield tag="650" ind1="#" ind2="4">
   <subfield code="a">Xử lý nước thải</subfield>
  </datafield>
  <datafield tag="700" ind1="0" ind2="#">
   <subfield code="a">Ngô Thị Nga</subfield>
  </datafield>
 </record>
</collection>
